00523nam a2200193 a 4500001001300000003000900013005001700022008004100039020002300080082001900103100001800122245004900140260004400189300000900233500003500242505001000277650002400287700001800311nice12345678IN_TiNIC20260116014018.0050524s2002 newa grp 000 0 eng  a019565 c44500a294.59021bUBE aUberoi, J P S aEuropen Modernity, Science, Truth and Method aNew DlhibOxford University Pressc2002 a143p aincludes index and biblioraphy2 aIndex aPhilosophy-Religion1 aUberoi, J P S